Gunnar Asplund, arquitecto: 1885-1940

保存先:
書誌詳細
第一著者: Ahlberg, Hakon (著者)
フォーマット: 図書
言語:スペイン語
出版事項: Madrid Colegio Oficial de Aparejadores y Arquitectos Técnicos de Madrid 1982
シリーズ:Colección de Arquilectura, 4
主題:
タグ: タグ追加
タグなし, このレコードへの初めてのタグを付けませんか!

MARC

LEADER 00000nam a2200000 a 4500
001 UCL5530
003 CL-VaPUC
008 040312e19820000SP |||||||||||||||||spa|d
020 |a 845007679X 
082 0 4 |a 724.6  |b AHL  |2 21 
100 0 |a Ahlberg, Hakon  |e author  |9 483236 
245 1 0 |a Gunnar Asplund, arquitecto: 1885-1940 
300 |a 93 p 
942 |c BK 
945 |d 20040312 00:00:00  |a cmena 
260 |a Madrid  |b Colegio Oficial de Aparejadores y Arquitectos Técnicos de Madrid  |c 1982 
500 |a Incluye ensayo: El cielo como una bóveda, por Elias Cornell 
600 0 7 |a ASPLUND, GUNNAR  |2 CL-VaPUC  |9 483237 
650 0 |a Arquitectos   |y Siglo 20  |9 265441 
650 0 |a Arquitectura sueca   |9 439581 
583 |a last modification  |c 20040312 00:00:00  |k Rodrigo Vera 
490 0 |a Colección de Arquilectura, 4 
999 |c 308055  |d 308053 
952 |0 0  |1 0  |4 0  |6 724_600000000000000_AHL_1982  |7 0  |8 P  |9 374279  |a BIBARQ  |b BIBARQ  |d 2019-11-21  |i 3966771  |o 724.6 AHL 1982  |p 3966771  |r 2025-01-20  |w 2019-11-21  |y BK  |k ARQ